[Event "8th PKWN Festival it"]
[Site "Lublin POL"]
[Date "1972.07.14"]
[Round "9"]
[White "Peev, Peicho"]
[WhiteElo "2425"]
[Black "Giorgadze, Tamaz"]
[BlackElo "2420"]
[Result "1/2-1/2"]
[EventDate "1972.07.06"]
[PlyCount "110"]

1.d4 Nf6 2.c4 c5 3.d5 b5 4.cxb5 a6 5.bxa6 Bxa6 6.Nc3 d6 7.Nf3 g6 8.e4 Bxf1
9.Kxf1 Bg7 10.g3 O-O 11.Kg2 Nbd7 12.h3 Qb6 13.Re1 Ne8 14.Re2 Nc7 15.Bg5
Rfe8 16.Rc1 Qa6 17.b3 Ne5 18.Nxe5 Bxe5 19.Bh6 Reb8 20.f4 Bd4 21.h4 Qc8 22.
h5 Qg4 23.hxg6 hxg6 24.Rd2 Qxd1 25.Nxd1 Na6 26.Bg5 f6 27.Bh4 Nb4 28.a4 Na6
29.Rd3 Rb7 30.g4 Rab8 31.Rb1 f5 32.gxf5 gxf5 33.e5 Nb4 34.Rg3+ Kf8 35.Rg5
dxe5 36.Rxf5+ Ke8 37.fxe5 Nxd5 38.e6 Nf6 39.Rf3 Rb4 40.a5 c4 41.a6 Kd8 42.
Ne3 cxb3 43.Nf5 Be5 44.Re3 R8b5 45.a7 Ra4 46.Rd3+ Kc7 47.Nxe7 Rxa7 48.Ng6
Nd5 49.Kf3 Bd6 50.e7 Nxe7 51.Nxe7 b2 52.Nd5+ Kc6 53.Nc3 Ra1 54.Rdd1 Ra3
55.Ke2 Bc5 1/2-1/2

[Event "8th PKWN Festival it"]
[Site "Lublin POL"]
[Date "1972.07.14"]
[Round "9"]
[White "Plachetka, Jan"]
[WhiteElo "2380"]
[Black "Liebert, Heinz"]
[BlackElo "2400"]
[Result "0-1"]
[EventDate "1972.07.06"]
[PlyCount "78"]

1.d4 Nf6 2.c4 e6 3.Nc3 Bb4 4.e3 b6 5.Ne2 Ba6 6.Ng3 O-O 7.e4 d5 8.e5 Ne8 9.
cxd5 Qxd5 10.Bxa6 Nxa6 11.O-O Bxc3 12.bxc3 c5 13.Qe2 Nac7 14.Rd1 f5 15.Ba3
Qc6 16.c4 Rf7 17.dxc5 bxc5 18.Rab1 Rc8 19.Qb2 Na8 20.Qb5 Nb6 21.Qxc6 Rxc6
22.Rd8 Kf8 23.Rb5 Rfc7 24.Bc1 h6 25.Nf1 Ke7 26.Rd3 Nxc4 27.f4 Rb6 28.Rdb3
Rcc6 29.Ne3 Nc7 30.Rxb6 Nxb6 31.Kf2 Ncd5 32.Nc2 Rc7 33.Rg3 Kf7 34.Ra3 Nb4
35.Ne3 c4 36.Ke2 Nd3 37.Kd2 Nxf4 38.Kc2 Nd3 39.Bd2 Nxe5 0-1

[Event "8th PKWN Festival it"]
[Site "Lublin POL"]
[Date "1972.07.16"]
[Round "10"]
[White "Liebert, Heinz"]
[WhiteElo "2400"]
[Black "Bednarski, Jacek"]
[BlackElo "2395"]
[Result "0-1"]
[EventDate "1972.07.06"]
[PlyCount "150"]

1.Nf3 g6 2.g3 Bg7 3.d4 c5 4.Bg2 cxd4 5.Nxd4 Nc6 6.Nxc6 bxc6 7.O-O Nh6 8.
Nd2 O-O 9.c4 Rb8 10.Qc2 Nf5 11.Nf3 c5 12.Rb1 Bb7 13.e3 Nd6 14.Nd2 Qa5 15.
b3 Qc3 16.Qxc3 Bxc3 17.Rd1 Bxg2 18.Kxg2 Rb7 19.Bb2 Bxb2 20.Rxb2 a5 21.Rc2
a4 22.bxa4 Ra8 23.Nb3 Rc7 24.a5 Nb7 25.Rb1 Nxa5 26.Nxa5 Rxa5 27.Rb5 Ra4
28.Kf3 d6 29.h4 h5 30.Ke4 Rca7 31.Rbb2 Kg7 32.Kd3 Kf6 33.Ke2 Ra3 34.Rd2
Ke6 35.Kd1 Ke5 36.Rd5+ Ke6 37.Rdd2 Kf5 38.Rbc2 Rb7 39.Ke2 Rb4 40.Rd5+ Ke6
41.Rd1 Kd7 42.Kf3 Kc6 43.Ke2 Raa4 44.Rdc1 Kc7 45.Kf3 Kb6 46.Ke2 Ka5 47.Kd3
Rb7 48.Ke4 Rb6 49.Kf4 Ra6 50.Ke4 Rb6 51.Kf4 Ra6 52.Kg5 Kb6 53.Kh6 Ra7 54.
Kg7 e6 55.Rb1+ Rb4 56.Rcb2 Rxb2 57.Rxb2+ Kc6 58.f3 d5 59.cxd5+ exd5 60.g4
c4 61.f4 hxg4 62.f5 gxf5 63.h5 f4 64.exf4 c3 65.Rc2 d4 66.f5 Kd5 67.f6 Kc4
68.h6 d3 69.h7 Ra8 70.Rg2 c2 71.Rxg4+ Kd5 72.Ra4 Rc8 73.Ra5+ Kd4 74.Ra4+
Kd5 75.Ra5+ Kc6 {4:00-4:30} 0-1

[Event "8th PKWN Festival it"]
[Site "Lublin POL"]
[Date "1972.07.16"]
[Round "10"]
[White "Mikenas, Vladas"]
[WhiteElo "2410"]
[Black "Gipslis, Aivars"]
[BlackElo "2560"]
[Result "1/2-1/2"]
[EventDate "1972.07.06"]
[PlyCount "30"]

1.d4 Nf6 2.c4 e6 3.Nf3 Bb4+ 4.Bd2 Qe7 5.e3 Bxd2+ 6.Qxd2 d6 7.Nc3 c5 8.Be2
O-O 9.O-O Nc6 10.Rfd1 Rd8 11.dxc5 dxc5 12.Qc2 Bd7 13.Rd2 Be8 14.Rad1 Rxd2
15.Rxd2 Rd8 1/2-1/2

[Event "8th PKWN Festival it"]
[Site "Lublin POL"]
[Date "1972.07.16"]
[Round "10"]
[White "Pytel, Krzysztof"]
[WhiteElo "2380"]
[Black "Plachetka, Jan"]
[BlackElo "2380"]
[Result "1/2-1/2"]
[EventDate "1972.07.06"]
[PlyCount "26"]

1.d4 Nf6 2.c4 e6 3.g3 Bb4+ 4.Nd2 c5 5.dxc5 Bxc5 6.Bg2 Qb6 7.Nh3 Nc6 8.O-O
h5 9.Nf3 d6 10.Nf4 h4 11.gxh4 e5 12.Nd5 Nxd5 13.cxd5 Ne7 1/2-1/2

[Event "8th PKWN Festival it"]
[Site "Lublin POL"]
[Date "1972.07.16"]
[Round "10"]
[White "Vogt, Lothar"]
[WhiteElo "2400"]
[Black "Ungureanu, Emil"]
[BlackElo "2410"]
[Result "1/2-1/2"]
[EventDate "1972.07.06"]
[PlyCount "83"]

1.e4 c5 2.Nf3 Nc6 3.d4 cxd4 4.Nxd4 Nf6 5.Nc3 d6 6.Bc4 e6 7.Be3 a6 8.Qe2
Qc7 9.Bb3 b5 10.O-O-O Na5 11.Bg5 Nxb3+ 12.axb3 Be7 13.f4 b4 14.Na4 Bb7 15.
e5 dxe5 16.fxe5 Nd5 17.Bxe7 Qxe7 18.Nf3 O-O 19.Rd4 Bc6 20.Rh4 h6 21.Rg4
Rfd8 22.Qf2 Bxa4 23.bxa4 Rac8 24.Nd4 h5 25.Re4 Rc4 26.b3 Nc3 27.bxc4 Nxe4
28.Qe3 Qc5 29.Qxe4 Rxd4 30.Qa8+ Kh7 31.Qf3 Qxe5 32.Qxf7 Rf4 33.Qe8 Rf2 34.
Kb1 b3 35.Rc1 Qf5 36.Kb2 bxc2 37.Qc6 Qe5+ 38.Ka2 Qe3 39.Kb2 Qe5+ 40.Kb3
Qe3+ 41.Kb2 Qe5+ 42.Kb3 1/2-1/2

[Event "8th PKWN Festival it"]
[Site "Lublin POL"]
[Date "1972.07.17"]
[Round "11"]
[White "Bednarski, Jacek"]
[WhiteElo "2395"]
[Black "Pytel, Krzysztof"]
[BlackElo "2380"]
[Result "1-0"]
[EventDate "1972.07.06"]
[PlyCount "39"]

1.e4 c5 2.Nf3 d6 3.d4 cxd4 4.Nxd4 Nf6 5.Nc3 a6 6.Bc4 e6 7.Bb3 b5 8.O-O Be7
9.f4 O-O 10.e5 dxe5 11.fxe5 Nfd7 12.Qh5 Nc5 13.Be3 Bb7 14.Rxf7 Rxf7 15.
Nxe6 Nxb3 16.Nxd8 g6 17.Qd1 Nxa1 18.Nxb7 Nc6 19.Nd6 Rd8 20.Bb6 1-0

[Event "8th PKWN Festival it"]
[Site "Lublin POL"]
[Date "1972.07.17"]
[Round "11"]
[White "Doda, Zbigniew"]
[WhiteElo "2390"]
[Black "Vogt, Lothar"]
[BlackElo "2400"]
[Result "1/2-1/2"]
[EventDate "1972.07.06"]
[PlyCount "48"]

1.Nf3 g6 2.g3 Bg7 3.d4 Nf6 4.Bg2 O-O 5.O-O c6 6.c4 d6 7.Nc3 Qa5 8.h3 e5 9.
e4 exd4 10.Nxd4 Qc5 11.Nb3 Qxc4 12.Qxd6 Na6 13.Be3 Re8 14.Rfd1 Qb4 15.Rac1
Nd7 16.Qxb4 Nxb4 17.Na5 b6 18.Nc4 Ba6 19.Bf1 Bxc4 20.Bxc4 Ne5 21.Be2 Rad8
22.Rxd8 Rxd8 23.a3 Nbd3 24.Rd1 Rd7 1/2-1/2

[Event "8th PKWN Festival it"]
[Site "Lublin POL"]
[Date "1972.07.17"]
[Round "11"]
[White "Peev, Peicho"]
[WhiteElo "2425"]
[Black "Liebert, Heinz"]
[BlackElo "2400"]
[Result "0-1"]
[EventDate "1972.07.06"]
[PlyCount "60"]

1.d4 Nf6 2.c4 g6 3.Nc3 d5 4.cxd5 Nxd5 5.g3 Bg7 6.Bg2 Nxc3 7.bxc3 c5 8.e3
O-O 9.Ne2 Nc6 10.O-O Qa5 11.a4 Rd8 12.Ba3 cxd4 13.cxd4 Bg4 14.h3 Be6 15.
Rb1 Qa6 16.Nc3 Rac8 17.Ne4 b6 18.Nd2 Bd5 19.e4 Ba2 20.Ra1 Nxd4 21.Bxe7
Ne2+ 22.Kh2 Bxa1 23.Qxa1 Rxd2 24.Bg5 Rdc2 25.Qf6 R2c7 26.Qb2 Nc3 27.Rc1
Qxa4 28.Bh6 Qd4 29.Rxc3 Rxc3 30.Qxa2 Rc2 {2:29-2:05} 0-1

[Event "8th PKWN Festival it"]
[Site "Lublin POL"]
[Date "1972.07.17"]
[Round "11"]
[White "Plachetka, Jan"]
[WhiteElo "2380"]
[Black "Kluger, Gyula"]
[BlackElo "2360"]
[Result "1-0"]
[EventDate "1972.07.06"]
[PlyCount "73"]

1.e4 e5 2.Nf3 Nc6 3.Bb5 a6 4.Ba4 Nf6 5.O-O Be7 6.Re1 b5 7.Bb3 d6 8.c3 O-O
9.h3 Na5 10.Bc2 c5 11.d4 Bb7 12.Nbd2 cxd4 13.cxd4 Rc8 14.d5 Qc7 15.Bd3 Nd7
16.Nf1 f5 17.exf5 Bxd5 18.Nd4 Nc5 19.Ne3 Bxg2 20.Ne6 Nxe6 21.fxe6 Bf3 22.
Be2 Qb7 23.Bxf3 Rxf3 24.Nd5 Rcf8 25.Be3 Bh4 26.Rc1 Nc4 27.Re2 Qc8 28.e7
Re8 29.b3 Qxh3 30.bxc4 Qg4+ 31.Kf1 Rh3 32.Nf6+ gxf6 33.Qd5+ Kh8 34.cxb5
Rg8 35.Rec2 e4 36.Qxg8+ Qxg8 37.Rc8 1-0

[Event "8th PKWN Festival it"]
[Site "Lublin POL"]
[Date "1972.07.18"]
[Round "12"]
[White "Doda, Zbigniew"]
[WhiteElo "2390"]
[Black "Plachetka, Jan"]
[BlackElo "2380"]
[Result "1/2-1/2"]
[EventDate "1972.07.06"]
[PlyCount "34"]

1.c4 Nf6 2.Nf3 e6 3.g3 d5 4.Bg2 Be7 5.O-O O-O 6.d4 Nbd7 7.Qc2 c6 8.Rd1 b6
9.cxd5 cxd5 10.Nc3 Bb7 11.a4 Rc8 12.Qb3 Ne4 13.Nb5 a6 14.Na3 Bc6 15.Be3
Qc7 16.Rdc1 Qb7 17.Bf4 b5 1/2-1/2

[Event "8th PKWN Festival it"]
[Site "Lublin POL"]
[Date "1972.07.18"]
[Round "12"]
[White "Giorgadze, Tamaz"]
[WhiteElo "2420"]
[Black "Alburt, Lev"]
[BlackElo "2450"]
[Result "0-1"]
[EventDate "1972.07.06"]
[PlyCount "70"]

1.e4 Nf6 2.e5 Nd5 3.d4 d6 4.Nf3 Bg4 5.Be2 e6 6.c4 Nb6 7.exd6 cxd6 8.O-O
Be7 9.Nc3 O-O 10.Be3 d5 11.c5 Bxf3 12.gxf3 Nc8 13.b4 Nc6 14.b5 Na5 15.Qa4
b6 16.Rac1 Bf6 17.Nb1 Ne7 18.Rfd1 Nf5 19.Nd2 Bxd4 20.Bxd4 Qh4 21.f4 Qxf4
22.Nf3 e5 23.Nxe5 Rfe8 24.c6 Rxe5 25.Bxe5 Qxa4 26.c7 Rc8 27.Rxd5 Qh4 28.
Rcd1 Nb7 29.Rd7 Qg5+ 30.Kh1 h5 31.Bf3 Ne3 32.fxe3 Qxe5 33.Rd8+ Nxd8 34.
Rxd8+ Kh7 35.Rxc8 Qf5 0-1

[Event "8th PKWN Festival it"]
[Site "Lublin POL"]
[Date "1972.07.18"]
[Round "12"]
[White "Sznapik, Aleksander"]
[WhiteElo "2365"]
[Black "Gipslis, Aivars"]
[BlackElo "2560"]
[Result "1/2-1/2"]
[EventDate "1972.07.06"]
[PlyCount "22"]

1.e4 d5 2.exd5 Nf6 3.Bb5+ Bd7 4.Bc4 Bg4 5.f3 Bc8 6.Nc3 Nbd7 7.d4 Nb6 8.
Bb5+ Bd7 9.Bd3 Nbxd5 10.Nxd5 Nxd5 11.Ne2 c5 1/2-1/2

[Event "8th PKWN Festival it"]
[Site "Lublin POL"]
[Date "1972.07.18"]
[Round "12"]
[White "Vogt, Lothar"]
[WhiteElo "2400"]
[Black "Schmidt, Wlodzimierz"]
[BlackElo "2450"]
[Result "1/2-1/2"]
[EventDate "1972.07.06"]
[PlyCount "33"]

1.e4 c5 2.Nf3 e6 3.d3 Nc6 4.g3 Nge7 5.Bg2 g6 6.O-O Bg7 7.Re1 O-O 8.e5 d6
9.exd6 Qxd6 10.Nbd2 b6 11.Nc4 Qd8 12.a4 Bb7 13.Bd2 Nd5 14.Ng5 Qc7 15.h4 h6
16.Nf3 Nd4 17.Nfe5 1/2-1/2

[Event "8th PKWN Festival it"]
[Site "Lublin POL"]
[Date "1972.07.19"]
[Round "13"]
[White "Bednarski, Jacek"]
[WhiteElo "2395"]
[Black "Doda, Zbigniew"]
[BlackElo "2390"]
[Result "1-0"]
[EventDate "1972.07.06"]
[PlyCount "61"]

1.e4 c5 2.Nf3 e6 3.d4 cxd4 4.Nxd4 a6 5.Bd3 Nc6 6.Nxc6 dxc6 7.f4 e5 8.O-O
Bc5+ 9.Kh1 Nf6 10.f5 b5 11.a4 Bb7 12.Qe2 Qc7 13.Nd2 O-O 14.g4 Nd5 15.exd5
cxd5 16.Qg2 e4 17.Be2 b4 18.Nb3 Ba7 19.Bf4 Qxc2 20.Na5 Bc8 21.Rfc1 Qxb2
22.Nc6 Re8 23.Be5 Qb3 24.Nxa7 Rxa7 25.Bd4 Rd7 26.Rcb1 Qc2 27.Rb2 Qc6 28.
Rxb4 Rb7 29.Rxb7 Qxb7 30.Qg3 f6 31.g5 1-0

[Event "8th PKWN Festival it"]
[Site "Lublin POL"]
[Date "1972.07.19"]
[Round "13"]
[White "Gipslis, Aivars"]
[WhiteElo "2560"]
[Black "Liebert, Heinz"]
[BlackElo "2400"]
[Result "1/2-1/2"]
[EventDate "1972.07.06"]
[PlyCount "58"]

1.e4 e6 2.d4 d5 3.Nd2 c5 4.Ngf3 Nc6 5.Bb5 dxe4 6.Nxe4 Qa5+ 7.Nc3 cxd4 8.
Nxd4 Bd7 9.Nxc6 bxc6 10.Qf3 Rc8 11.Bd3 Bb4 12.O-O Bxc3 13.bxc3 Nf6 14.c4
O-O 15.Bb2 e5 16.Qg3 Rfe8 17.Rae1 Nh5 18.Bxh7+ Kxh7 19.Qd3+ Kg8 20.Qxd7 f6
21.a3 Qc5 22.Re4 Nf4 23.Qf5 Qd6 24.Re3 Rcd8 25.Rfe1 Qc5 26.Qe4 Re7 27.h4
Red7 28.g3 Ne6 29.c3 Qb6 {1:05-2:00} 1/2-1/2

[Event "8th PKWN Festival it"]
[Site "Lublin POL"]
[Date "1972.07.19"]
[Round "13"]
[White "Plachetka, Jan"]
[WhiteElo "2380"]
[Black "Vogt, Lothar"]
[BlackElo "2400"]
[Result "0-1"]
[EventDate "1972.07.06"]
[PlyCount "134"]

1.e4 g6 2.d4 Bg7 3.c3 d6 4.f4 Nf6 5.e5 Nd5 6.Bc4 Nb6 7.Bb3 O-O 8.Nf3 c5 9.
dxc5 dxc5 10.Qxd8 Rxd8 11.Na3 Bf5 12.Be3 Na6 13.Rd1 Rxd1+ 14.Kxd1 Bd3 15.
Ne1 Be4 16.Ke2 Nd5 17.Nf3 Nxe3 18.Kxe3 Bc6 19.Rd1 Nc7 20.Ng5 e6 21.c4 f6
22.Nf3 fxe5 23.Nxe5 Bxg2 24.Rd7 Ne8 25.Bd1 Bxe5 26.fxe5 Bc6 27.Rd2 Ng7 28.
Bc2 a6 29.Be4 Nf5+ 30.Bxf5 gxf5 31.Nc2 Be4 32.Ne1 b5 33.b3 bxc4 34.bxc4
Rb8 35.Nd3 Bxd3 36.Rxd3 Rb4 37.Rd6 Kf7 38.Rd7+ Ke8 39.Rd6 Kf7 40.Rd7+ Ke8
41.Rd6 Ke7 42.Rxa6 Rxc4 43.Ra7+ Ke8 44.Rxh7 Ra4 45.Rc7 Rxa2 46.Rxc5 Rxh2
47.Kf4 Rg2 48.Rc7 Rg4+ 49.Kf3 Re4 50.Ra7 Rxe5 51.Kf4 Rd5 52.Kg5 Rd7 53.
Ra8+ Ke7 54.Rh8 Rd8 55.Rh7+ Kd6 56.Rh1 Rf8 57.Ra1 e5 58.Ra6+ Kd5 59.Ra5+
Kd4 60.Ra4+ Kc3 61.Ra3+ Kb4 62.Ra1 f4 63.Kg4 f3 64.Kg3 f2 65.Kg2 e4 66.Kf1
e3 67.Ke2 Rg8 0-1

[Event "8th PKWN Festival it"]
[Site "Lublin POL"]
[Date "1972.07.20"]
[Round "14"]
[White "Liebert, Heinz"]
[WhiteElo "2400"]
[Black "Alburt, Lev"]
[BlackElo "2450"]
[Result "1-0"]
[EventDate "1972.07.06"]
[PlyCount "121"]

1.c4 e5 2.Nc3 Nf6 3.Nf3 e4 4.Ng5 b5 5.d3 exd3 6.Nxb5 h6 7.Nf3 dxe2 8.Bxe2
Bc5 9.O-O O-O 10.b3 Ba6 11.Bb2 Bxb5 12.cxb5 d6 13.Nd4 Bxd4 14.Bxd4 Nbd7
15.Qc2 a6 16.Bxf6 Nxf6 17.bxa6 c5 18.a3 Qb6 19.b4 cxb4 20.axb4 Qxb4 21.
Rfb1 Qd4 22.Ra4 Qe5 23.g3 Rfe8 24.Bb5 Rec8 25.Bc6 d5 26.a7 Ne4 27.Bxa8
Rxc2 28.Bxd5 Qxd5 29.a8=Q+ Qxa8 30.Rxa8+ Kh7 31.Rf1 Nd2 32.Rfa1 Ne4 33.
R8a2 Rc5 34.Kg2 g5 35.Ra5 Rc6 36.h3 Kg7 37.R1a2 Rf6 38.Ra7 Rf5 39.Re2 Nf6
40.Re3 Rd5 41.Rc3 Rf5 42.Rb3 h5 43.Rf3 Re5 44.Rfa3 Nh7 45.R3a5 Re8 46.Rf5
Rf8 47.Kf3 Kg6 48.Rb5 Rc8 49.Rb6+ Kg7 50.Rbb7 Rf8 51.Ke4 Kg6 52.Ra6+ Nf6+
53.Kf3 Kg7 54.Rb5 Nh7 55.h4 f6 56.Rb7+ Rf7 57.Raa7 Rxb7 58.Rxb7+ Kg6 59.
Ke4 Nf8 60.f4 gxh4 61.gxh4 {3:20-2:30} 1-0

[Event "8th PKWN Festival it"]
[Site "Lublin POL"]
[Date "1972.07.20"]
[Round "14"]
[White "Sznapik, Aleksander"]
[WhiteElo "2365"]
[Black "Ungureanu, Emil"]
[BlackElo "2410"]
[Result "1/2-1/2"]
[EventDate "1972.07.06"]
[PlyCount "36"]

1.e4 e6 2.d4 d5 3.exd5 exd5 4.Bd3 Bd6 5.Ne2 Nf6 6.Bf4 Bxf4 7.Nxf4 Qe7+ 8.
Qe2 Nc6 9.Qxe7+ Nxe7 10.O-O O-O 11.Nd2 Bf5 12.Rfe1 Bxd3 13.Nxd3 Rfe8 14.c3
Nf5 15.Kf1 Kf8 16.Rxe8+ Rxe8 17.Re1 Rxe1+ 18.Kxe1 Ne7 1/2-1/2

[Event "8th PKWN Festival it"]
[Site "Lublin POL"]
[Date "1972.07.20"]
[Round "14"]
[White "Vogt, Lothar"]
[WhiteElo "2400"]
[Black "Mikenas, Vladas"]
[BlackElo "2410"]
[Result "1/2-1/2"]
[EventDate "1972.07.06"]
[PlyCount "86"]

1.e4 Nf6 2.e5 Nd5 3.d4 d6 4.Nf3 Bg4 5.Be2 Nc6 6.O-O e6 7.c4 Nb6 8.exd6
cxd6 9.d5 exd5 10.cxd5 Bxf3 11.gxf3 Ne5 12.Bb5+ Ned7 13.Qd4 Qf6 14.Re1+
Kd8 15.Qxf6+ Nxf6 16.Nc3 Be7 17.Rd1 a6 18.Be3 Nbxd5 19.Nxd5 Nxd5 20.Rxd5
axb5 21.Rxb5 Kc7 22.a4 Bd8 23.Rc1+ Kb8 24.Rc4 Re8 25.b3 Ra6 26.Kf1 Re5 27.
Rxe5 dxe5 28.f4 Bc7 29.fxe5 Bxe5 30.Bf4 Re6 31.Bg3 Bxg3 32.hxg3 g6 33.g4
h6 34.Kg2 g5 35.Kf3 Ka7 36.Rb4 Rf6+ 37.Ke3 h5 38.gxh5 Rh6 39.Rb5 Rxh5 40.
f3 f6 41.Rf5 Rh3 42.Ke4 Rh4+ 43.Kd5 g4 1/2-1/2

[Event "8th PKWN Festival it"]
[Site "Lublin POL"]
[Date "1972.07.21"]
[Round "15"]
[White "Bednarski, Jacek"]
[WhiteElo "2395"]
[Black "Vogt, Lothar"]
[BlackElo "2400"]
[Result "1/2-1/2"]
[EventDate "1972.07.06"]
[PlyCount "26"]

1.e4 e5 2.Nf3 Nc6 3.Nc3 Nf6 4.Bb5 Nd4 5.Nxd4 exd4 6.e5 dxc3 7.exf6 Qxf6 8.
dxc3 Qe5+ 9.Qe2 Qxe2+ 10.Kxe2 Bc5 11.Be3 Bxe3 12.Kxe3 O-O 13.Rhe1 d6
1/2-1/2

[Event "8th PKWN Festival it"]
[Site "Lublin POL"]
[Date "1972.07.21"]
[Round "15"]
[White "Gipslis, Aivars"]
[WhiteElo "2560"]
[Black "Kluger, Gyula"]
[BlackElo "2360"]
[Result "1-0"]
[EventDate "1972.07.06"]
[PlyCount "91"]

1.Nf3 Nf6 2.c4 g6 3.Nc3 Bg7 4.e4 d6 5.d4 O-O 6.Be2 e5 7.O-O Nc6 8.d5 Ne7
9.Ne1 Nd7 10.f3 f5 11.g4 f4 12.h4 Kf7 13.Ng2 Bf6 14.Bd2 c6 15.Rb1 cxd5 16.
cxd5 Ng8 17.Be1 h5 18.g5 Be7 19.b4 Nb6 20.Qb3 Kg7 21.Bf2 Kh7 22.Rfc1 Bh3
23.Kh2 Bd7 24.Nb5 Rf7 25.Nc7 Rc8 26.Ne6 Bxe6 27.dxe6 Rg7 28.a4 Bf8 29.a5
Rxc1 30.Rxc1 Nc8 31.Qc3 Nge7 32.Bb5 d5 33.Qxe5 dxe4 34.Qxe4 Nd6 35.Qd3 Qb8
36.Bd7 Nef5 37.Kg1 a6 38.Nxf4 Nb5 39.Nxh5 Qe5 40.Nf6+ Kh8 41.Rc8 Rg8 42.
Nxg8 Kxg8 43.Bxb5 axb5 44.Qd8 Qa1+ 45.Kg2 Qg7 46.Qf6 1-0

[Event "8th PKWN Festival it"]
[Site "Lublin POL"]
[Date "1972.07.21"]
[Round "15"]
[White "Ungureanu, Emil"]
[WhiteElo "2410"]
[Black "Liebert, Heinz"]
[BlackElo "2400"]
[Result "1/2-1/2"]
[EventDate "1972.07.06"]
[PlyCount "29"]

1.d4 e6 2.e4 d5 3.Nd2 c5 4.exd5 exd5 5.Ngf3 Nc6 6.Qe2+ Qe7 7.dxc5 Qxe2+ 8.
Bxe2 Bxc5 9.Nb3 Bb6 10.O-O Nge7 11.Bf4 O-O 12.c3 Bf5 13.Rac1 Rfd8 14.Rfd1
Ng6 15.Bg3 1/2-1/2